00611nam a2200169Ia 4500008004100000041000800041082001700049100001500066245006600081260002100147300000800168365001600176700001500192906005000207999001900257952016500276230718s9999 xx 000 0 und d aeng a005.678bCHA aChapman D. aJoomla 1.5X CustomizationbMake Your Site Adapt To Your Needs c2009bPackt Pub. a271 cRs.b350.00 aChapman D. dO:0074117-Mar-2010B:668622-Feb-2010cCOMPb70 c324523d324523 00104070aCCEPbCCEPd2010-03-17eRadiant Book ServicefCOMPg280.00i6686l0o005.678pCCEP-BK-35730r2023-07-18 00:00:00t70v350.00w2010-02-22yBKz035730